[Event "Wloclawek-ch"]
[Site "Wloclawek"]
[Date "2013.??.??"]
[Round "9"]
[White "Kulinski, Krzysztof"]
[Black "Stefanski, Jan"]
[Result "1-0"]
[WhiteElo "2098"]
[BlackElo "1800"]
[PlyCount "67"]
[EventDate "2013.09.??"]
[EventType "swiss"]
[EventRounds "9"]
[EventCountry "POL"]
[SourceTitle "EXT 2021"]
[Source "ChessBase"]
[SourceDate "2020.10.23"]
[SourceVersion "1"]
[SourceVersionDate "2020.10.23"]
[SourceQuality "1"]

1. e4 c5 2. Nf3 d6 3. d4 cxd4 4. Nxd4 a6 5. Bc4 e6 6. Nc3 Nc6 7. Be3 Be7 8. Qe2 Nf6 9. Bb3 0-0 10. 0-0-0 Bd7 11. g4 Na5 12. g5 Nxb3+ 13. axb3 Ne8 14. Rhg1 b5 15. Qh5 f5 16. exf5 exf5 17. Nd5 Rc8 18. Kb1 g6 19. Qe2 Nc7 20. Nf4 a5 21. h4 a4 22. bxa4 bxa4 23. h5 Kg7 24. Nf3 Ne6 25. Bd4+ Nxd4 26. Nxd4 Kf7 27. hxg6+ hxg6 28. Nde6 Qa5 29. Nxf8 Bxf8 30. Rh1 a3 31. Rh7+ Bg7 32. Rxg7+ Kxg7 33. Qe7+ Kg8 34. Qxd7 1-0

[Event "Wloclawek-ch"]
[Site "Wloclawek"]
[Date "2013.??.??"]
[Round "1"]
[White "Stefanski, Jan"]
[Black "Grochowalski, Pawel"]
[Result "0-1"]
[WhiteElo "1800"]
[BlackElo "2073"]
[PlyCount "98"]
[EventDate "2013.09.??"]
[EventType "swiss"]
[EventRounds "9"]
[EventCountry "POL"]
[SourceTitle "EXT 2021"]
[Source "ChessBase"]
[SourceDate "2020.10.23"]
[SourceVersion "1"]
[SourceVersionDate "2020.10.23"]
[SourceQuality "1"]

1. e4 c5 2. Nf3 d6 3. d4 cxd4 4. Nxd4 Nf6 5. Nc3 Nc6 6. Be2 g6 7. Be3 Bg7 8. f4 0-0 9. 0-0 Bd7 10. Kh1 a6 11. a4 Rc8 12. Bf3 Qc7 13. Nb3 Be6 14. Nd4 Nxd4 15. Bxd4 Nd7 16. Bxg7 Kxg7 17. Qd4+ Kg8 18. Rac1 Qc5 19. Qd2 Nb6 20. Be2 Bc4 21. Bd3 f6 22. Bxc4+ Nxc4 23. Qd5+ Rf7 24. Qxb7 Nxb2 25. Nd5 Nxa4 26. Nxe7+ Kg7 27. Qxc8 Rxe7 28. Qxa6 Nc3 29. e5 dxe5 30. fxe5 Qxe5 31. Rf3 Ne4 32. Qd3 Qc5 33. Rd1 Nf2+ 34. Rxf2 Qxf2 35. h3 Re2 36. Rg1 Rxc2 37. Qd7+ Kh6 38. Qd3 Rd2 39. Qc3 Re2 40. Qc1+ Qe3 41. Qc4 Qe4 42. Qc1+ g5 43. Qf1 Kg6 44. Qc1 g4 45. Qb1 Qxb1 46. Rxb1 gxh3 47. Rg1 hxg2+ 48. Rxg2+ Rxg2 49. Kxg2 Kf5 0-1

[Event "Wloclawek CC Classic 06th"]
[Site "Wloclawek"]
[Date "2013.??.??"]
[Round "6"]
[White "Stefanski, Jan"]
[Black "Lebiedzinski, Maciej"]
[Result "1/2-1/2"]
[WhiteElo "1800"]
[BlackElo "1800"]
[PlyCount "48"]
[EventDate "2013.03.??"]
[EventType "swiss"]
[EventRounds "7"]
[EventCountry "POL"]
[SourceTitle "EXT 2021"]
[Source "ChessBase"]
[SourceDate "2020.10.23"]
[SourceVersion "1"]
[SourceVersionDate "2020.10.23"]
[SourceQuality "1"]

1. e4 c5 2. Nc3 Nc6 3. Nf3 e5 4. Nd5 Nf6 5. d3 h6 6. c4 Bd6 7. Be2 0-0 8. 0-0 Nxd5 9. cxd5 Ne7 10. Nh4 f5 11. f4 exf4 12. Nf3 fxe4 13. dxe4 Ng6 14. Nd2 Be5 15. Nc4 Bd4+ 16. Kh1 b5 17. Nd6 Qe7 18. Nxb5 Qxe4 19. Bf3 Qe5 20. Re1 Qf6 21. Nxd4 Qxd4 22. Qb3 c4 23. Qa4 Rb8 24. Rd1 Qe5 1/2-1/2

[Event "Wloclawek-ch"]
[Site "Wloclawek"]
[Date "2013.??.??"]
[Round "2"]
[White "Wieckowska, Oliwia"]
[Black "Stefanski, Jan"]
[Result "1/2-1/2"]
[WhiteElo "1400"]
[BlackElo "1800"]
[PlyCount "137"]
[EventDate "2013.09.??"]
[EventType "swiss"]
[EventRounds "9"]
[EventCountry "POL"]
[SourceTitle "EXT 2021"]
[Source "ChessBase"]
[SourceDate "2020.10.23"]
[SourceVersion "1"]
[SourceVersionDate "2020.10.23"]
[SourceQuality "1"]

1. e4 c5 2. Nf3 Nc6 3. d4 cxd4 4. Nxd4 Nf6 5. Nc3 Qb6 6. Nb3 e6 7. Bd3 d6 8. Be3 Qd8 9. 0-0 Be7 10. Qe2 0-0 11. Rad1 a6 12. h3 Ne5 13. f3 b5 14. a3 Nh5 15. Qd2 Nxd3 16. Qxd3 Qc7 17. Ne2 a5 18. Nbd4 Qc4 19. Nxb5 Qxd3 20. Rxd3 Ba6 21. a4 Rab8 22. Rb3 Nf6 23. Ned4 Rfc8 24. c3 Nd7 25. Rd1 Nc5 26. Na7 Nxb3 27. Nxc8 Bxc8 28. Nc6 Rb7 29. Nxe7+ Rxe7 30. Rxd6 f6 31. Rd8+ Kf7 32. Rxc8 Rb7 33. Bc5 Nd2 34. b4 axb4 35. cxb4 Nb3 36. a5 Nxc5 37. Rxc5 Rxb4 38. a6 Ra4 39. Rc7+ Kg6 40. a7 h5 41. Kf2 h4 42. Ke3 e5 43. Kd3 Kh6 44. Kc3 g6 45. Kb2 Ra6 46. Kb3 Kg5 47. Kb4 Kf4 48. Kb5 Ra1 49. Kb6 Kg3 50. Kb7 Kxg2 51. a8Q Rxa8 52. Kxa8 Kxf3 53. Rg7 g5 54. Rg6 Kxe4 55. Rxf6 Ke3 56. Rf5 e4 57. Rxg5 Kf3 58. Rg4 e3 59. Rg1 Kf2 60. Ra1 e2 61. Kb7 e1Q 62. Rxe1 Kxe1 63. Kc6 Kf2 64. Kd5 Kg3 65. Ke4 Kxh3 66. Kf3 Kh2 67. Kf2 h3 68. Kf1 Kh1 69. Kf2 1/2-1/2

[Event "Wloclawek-ch"]
[Site "Wloclawek"]
[Date "2012.??.??"]
[Round "7"]
[White "Lebiedzinski, Maciej"]
[Black "Stefanski, Jan"]
[Result "1-0"]
[WhiteElo "1800"]
[BlackElo "1800"]
[PlyCount "79"]
[EventDate "2012.09.??"]
[EventType "swiss"]
[EventRounds "9"]
[EventCountry "POL"]
[SourceTitle "EXT 2021"]
[Source "ChessBase"]
[SourceDate "2020.10.23"]
[SourceVersion "1"]
[SourceVersionDate "2020.10.23"]
[SourceQuality "1"]

1. e4 c5 2. Nf3 e6 3. Be2 Nf6 4. e5 Nd5 5. d3 d6 6. c4 Nb4 7. 0-0 dxe5 8. Nxe5 N4c6 9. Nf3 Bd6 10. Nc3 a6 11. Ne4 Be7 12. Bg5 f6 13. Be3 Nd7 14. d4 cxd4 15. Nxd4 Nxd4 16. Qxd4 0-0 17. Rad1 Qc7 18. c5 Qe5 19. f4 Qxd4 20. Bxd4 e5 21. fxe5 fxe5 22. Bc4+ Kh8 23. Rxf8+ Bxf8 24. Be3 h6 25. b4 Be7 26. Nd6 Nf6 27. Nf7+ Kh7 28. Nxe5 Bf5 29. Rf1 g6 30. h3 Be4 31. Nd7 Bf5 32. Nxf6+ Bxf6 33. g4 Re8 34. Rf3 Rxe3 35. Rxe3 Bd4 36. Kf2 Bxe3+ 37. Kxe3 Bb1 38. a3 Kg7 39. Bd5 Kf6 40. Bxb7 1-0